书目信息 |
| 题名: |
青年修养与青年教育
|
|
| 作者: | 钱忠源 , 杨贤江 编 | |
| 分册: | ||
| 出版信息: | 天津 天津人民出版社 1982 |
|
| 页数: | 221页 | |
| 开本: | 21cm | |
| 丛书名: | ||
| 单 册: | ||
| 中图分类: | D432.63 | |
| 科图分类: | ||
| 主题词: | 思想修养--青年修养 | |
| 电子资源: | ||
| ISBN: | ||
| 000 | 00755nam0 2200253 45 | |
| 001 | 0182008390 | |
| 005 | 20060819144758.67 | |
| 010 | @dCNY0.73 | |
| 091 | @aCN@b3072.578 | |
| 100 | @a19950627d1982 em y0chiy0121 ea | |
| 101 | 0 | @achi |
| 102 | @aCN@b120000 | |
| 105 | @af z 000yy | |
| 200 | 10 | @a青年修养与青年教育@Aqing nian xiu yang yu qing nian jiao yu@e杨贤江文选@f杨贤江著@g钱忠源编 |
| 210 | @a天津@c天津人民出版社@d1982 | |
| 215 | @a221页@c照片@d21cm | |
| 517 | 1 | @a杨贤江文选@Ayang xian jiang wen xuan |
| 606 | @a思想修养@x青年修养 | |
| 690 | @aD432.63@v3 | |
| 701 | 0 | @a钱忠源@Aqian zhong yuan@4编 |
| 701 | 0 | @a杨贤江@Ayang xian jiang@4著 |
| 801 | 2 | @aCN@bNLC@c20060819 |
| 801 | 0 | @aCN@bTSSF@c20060818 |
| 905 | @a10447@dD432.63@e172 | |
| 青年修养与青年教育:杨贤江文选/杨贤江著/钱忠源编.-天津:天津人民出版社,1982 |
| 221页:照片;21cm |
| ISBN :CNY0.73 |
| ● |
| 相关链接 |
|
|
|
|
正题名:青年修养与青年教育
索取号:D432.63/172
 
预约/预借
| 序号 | 登录号 | 条形码 | 馆藏地/架位号 | 状态 | 备注 |
| 1 | 0441110 | 204411109 | 密集书库/ [索取号:D432.63/172] | 在馆 | |
| 2 | 0469345 | 204693457 | 密集书库/ [索取号:D432.63/172] | 在馆 | |
| 3 | 0471074 | 204710740 | 密集书库/ [索取号:D432.63/172] | 在馆 |